000
00335nam a2200121 a 4500
005
20140414131855.0
008
100901s19uu xx 00 eng d
050
_a
FIL
_b
T59 2009
100
_a
Sta. Maria, Felice
245
_a
Tominaman sa Rogong becomes a painter.
260
_a
Manila, Philippines :
_b
Adarna,
_c
2009.
999
_c
110423
_d
110423